Democracia y educación : una introducción a la filosofía de la educación /

Guardado en:
Autor Principal: Dewey, John
Formato: Libro
Publicado: Buenos Aires : Losada, 1967
Edición:6a. ed.
Materias:
Etiquetas: Agregar Etiqueta
Sin Etiquetas, Sea el primero en etiquetar este registro!
LEADER 00518nam a22001695a 4500
001 CEM.cems002074
008 130507s1967##################000#0#####d
005 20241220110858.0
245 1 0 |a Democracia y educación :  |b una introducción a la filosofía de la educación / 
250 |a 6a. ed. 
260 |a Buenos Aires :  |b Losada,  |c 1967 
300 |a 382 p. 
100 1 |a Dewey, John 
082 0 4 |a 370.1 
653 |a Educacion 
653 |a Filosofia de la educacion 
859 |a CEMS  |b BIB. CEMS - 11 de abril  |h 370.1  |i D515a6  |p 3799.75  |t Ej.1